| 000 | 01510nam a22004337a 4500 | ||
|---|---|---|---|
| 003 | OLSZT 008 | ||
| 005 | 20260331225817.0 | ||
| 008 | 260331s2009 pl 2 000 0 pol d | ||
| 040 |
_aOLSZT 008/bak _bpol _erda _cOLSZT 008/bak |
||
| 041 | 0 |
_apol _beng |
|
| 045 | 2 |
_bd1918 _bd1940 |
|
| 046 | _k2009 | ||
| 100 | 1 |
_aGąsiorowski, Andrzej _d(1935- ). _eAutor _919377 |
|
| 245 | 1 | 0 |
_aZ dziejów polskiego ruchu młodzieżowego na Łotwie 1918-1940 / _cAndrzej Gąsiorowski. |
| 260 |
_aOlsztyn : _bWydawnictwo OSW, _c2009. |
||
| 300 |
_aStrony [122]-147 ; _c21 cm. |
||
| 336 |
_aText _btxt _2rdacontent |
||
| 337 |
_aBez urządzenia pośredniczącego _bn _2rdamedia |
||
| 338 |
_aWolumin _bnc _2rdacarrier |
||
| 380 | _aKsiążki | ||
| 380 | _aPublikacje naukowe | ||
| 388 | 1 | _a2001- | |
| 500 | _aOdbitka z: Szkice Humanistyczne / OSW, Tom IX nr 1, 2009. | ||
| 546 | _aStreszczenie w języku angielskim i polskim. | ||
| 648 | 7 | _a1901-2000 | |
| 648 | _a1918-1939 | ||
| 648 | 7 | _a1939-1945 | |
| 650 | 7 |
_aOrganizacje młodzieżowe _2DBN _939362 |
|
| 650 | 7 |
_aMniejszości narodowe _2DBN _935448 |
|
| 650 | 7 |
_aStosunki etniczne _2DBN _935427 |
|
| 651 | 7 |
_aŁotwa _2DBN _935412 |
|
| 651 | 7 |
_aPolska _2DBN _935076 |
|
| 655 | 7 |
_aArtykuł z czasopisma naukowego _2DBN _936020 |
|
| 658 | 7 |
_aHistoria _935177 |
|
| 710 | 2 |
_aOlsztyńska Szkoła Wyższa im. Józefa Rusieckiego. _bWydawnictwo. _eWydawca _4pbl _918171 |
|
| 942 |
_2ddc _cBK_NM |
||
| 999 |
_c27397 _d27397 |
||